[Event "17. Europa ch Juvenil - Masculino s18"]
[Site "Sibenik CRO"]
[Date "2007.09.21"]
[Round "8.2"]
[White "Grigoryan, Avetik"]
[Black "Saric, Ivan"]
[Result "0-1"]
[WhiteElo "2489"]
[BlackElo "2442"]
[PlyCount "136"]
[EventDate "2007.09.14"]
[EventType "swiss"]
[EventRounds "9"]
[EventCountry "CRO"]
[Source "lmi"]
[SourceDate "2007.09.14"]

1. d4 Nf6 2. c4 g6 3. Nc3 Bg7 4. e4 d6 5. Nf3 O-O 6. h3 e5 7. d5 Na6 8. Be3 Nc5
9. Nd2 a5 10. g4 c6 11. Be2 a4 12. b4 axb3 13. axb3 Rxa1 14. Qxa1 Na6 15. Qa3
c5 16. Na2 Qb6 17. O-O h5 18. f3 Nh7 19. Bd3 Qd8 20. Kg2 Bf6 21. Qc1 Bg5 22.
Qe1 Kh8 23. Kh2 Bxe3 24. Qxe3 Qh4 25. Qh6 Nc7 26. Kg2 Ne8 27. f4 exf4 28. Rxf4
Qe7 29. e5 dxe5 30. Rf1 f5 31. Qxg6 hxg4 32. Bxf5 gxh3+ 33. Kh1 Bxf5 34. Rxf5
Rg8 35. Rf7 Qh4 36. Nf3 Rxg6 37. Nxh4 Rh6 38. Re7 Nd6 39. Nf3 Rf6 40. Nxe5 Rf1+
41. Kh2 Rf2+ 42. Kxh3 Rxa2 43. Rd7 Ng5+ 44. Kg4 Nge4 45. Kf4 Rf2+ 46. Ke3 Rb2
47. Nf7+ Nxf7 48. Kxe4 Kg8 49. Rc7 b6 50. Rc6 Rxb3 51. d6 Rb1 52. d7 Rd1 53.
Rxb6 Rxd7 54. Rc6 Rd4+ 55. Kf5 Rxc4 56. Rc8+ Kg7 57. Ke6 Re4+ 58. Kd5 Re5+ 59.
Kc6 c4 60. Rb8 c3 61. Rb1 Ng5 62. Kd6 Kf6 63. Rf1+ Rf5 64. Re1 c2 65. Rc1 Ne4+
66. Kc6 Rc5+ 67. Kb6 Ke5 68. Kb7 Nf2 0-1

[Event "17. Europa ch Juvenil - Masculino s18"]
[Site "Sibenik CRO"]
[Date "2007.09.21"]
[Round "8.6"]
[White "Vernay, Clovis"]
[Black "Mozharov, Mikhail"]
[Result "0-1"]
[WhiteElo "2381"]
[BlackElo "2424"]
[PlyCount "176"]
[EventDate "2007.09.14"]
[EventType "swiss"]
[EventRounds "9"]
[EventCountry "CRO"]
[Source "lmi"]
[SourceDate "2007.09.14"]

1. d4 Nf6 2. c4 e6 3. Nf3 d5 4. Nc3 Bb4 5. cxd5 exd5 6. Bg5 Nbd7 7. e3 O-O 8.
Be2 c5 9. O-O Qa5 10. Nd2 Bxc3 11. bxc3 c4 12. Qc2 Re8 13. Bh4 Ne4 14. Nxe4
Rxe4 15. Bg3 Re8 16. Bh4 Nb6 17. Rfe1 Qa4 18. Qc1 Bf5 19. Bf1 Qa5 20. f3 Re6
21. Bf2 Rae8 22. g3 h6 23. Bg2 Bd3 24. Bf1 Rf6 25. Kg2 Bg6 26. h3 Na4 27. Qa3
Ra6 28. Rec1 Qb5 29. g4 Qb2 30. Qxb2 Nxb2 31. Kg3 Ra3 32. Kf4 b5 33. Be1 Bd3
34. Bd2 a5 35. Bg2 Bg6 36. Kg3 Nd3 37. Rcb1 b4 38. cxb4 c3 39. Bc1 Nxc1 40.
Rxc1 axb4 41. e4 Rd8 42. Rab1 dxe4 43. Rxb4 exf3 44. Bxf3 c2 45. Kf4 Bh7 46. h4
g5+ 47. hxg5 hxg5+ 48. Kg3 Be4 49. Rb3 Rxb3 50. axb3 Bg6 51. Kf2 Rxd4 52. Be2
Kg7 53. Ke3 Re4+ 54. Kf3 Re5 55. b4 f5 56. Bf1 f4 57. Kf2 Re3 58. b5 Kf6 59.
Bc4 Ke5 60. b6 Kd6 61. b7 Kc7 62. Bd5 Re5 63. Bf3 Bd3 64. Ra1 Be4 65. Rc1 Bxf3
66. Rxc2+ Kxb7 67. Kxf3 Re3+ 68. Kf2 Rg3 69. Rc1 Rxg4 70. Rc3 Kb6 71. Rc2 Rg3
72. Rc8 Rd3 73. Rc1 Kb5 74. Rc8 g4 75. Rf8 Rd2+ 76. Ke1 Rd4 77. Rc8 Kb4 78. Ke2
Re4+ 79. Kf2 Rc4 80. Rg8 f3 81. Kg3 Kc3 82. Rd8 Rd4 83. Ra8 Kd3 84. Ra3+ Ke2
85. Ra8 Rd3 86. Ra2+ Rd2 87. Ra8 f2 88. Re8+ Kf1 0-1

[Event "17. Europa ch Juvenil - Masculino s18"]
[Site "Sibenik CRO"]
[Date "2007.09.21"]
[Round "8.7"]
[White "Nestorovic, Nikola"]
[Black "Rombaldoni, Denis"]
[Result "0-1"]
[WhiteElo "2424"]
[BlackElo "2383"]
[PlyCount "131"]
[EventDate "2007.09.14"]
[EventType "swiss"]
[EventRounds "9"]
[EventCountry "CRO"]
[Source "lmi"]
[SourceDate "2007.09.14"]

1. e4 c5 2. Nf3 e6 3. d4 cxd4 4. Nxd4 a6 5. c4 Qc7 6. Nc3 Nf6 7. a3 Nxe4 8.
Nxe4 Qe5 9. Bd3 Qxd4 10. O-O Nc6 11. Be3 Qxb2 12. Rb1 Qxa3 13. Bb6 f5 14. Rb3
Qe7 15. Bc5 Qf7 16. Nd6+ Bxd6 17. Bxd6 Qf6 18. c5 g6 19. Re1 Kf7 20. Be2 Re8
21. Bf3 a5 22. Bxc6 dxc6 23. Be5 Rd8 24. Qa1 Qe7 25. Rh3 h5 26. Qc1 Kg8 27. Qh6
Qh7 28. Qg5 Bd7 29. Rd1 a4 30. Rg3 h4 31. Rh3 Qh5 32. Qc1 Be8 33. Re1 Kf7 34.
Ba1 g5 35. Rhe3 Bd7 36. Qc3 Qg6 37. Qe5 Bc8 38. f4 g4 39. h3 g3 40. Qc3 Qh6 41.
Rd3 Rxd3 42. Qxd3 Qxf4 43. Rf1 Qg5 44. Qd4 e5 45. Qxe5 Be6 46. Rb1 Rd8 47.
Rxb7+ Rd7 48. Rb1 Bd5 49. Rf1 Be6 50. Re1 Re7 51. Qh8 Bd5 52. Rxe7+ Kxe7 53.
Qe5+ Kd7 54. Bb2 Qd2 55. Qxf5+ Be6 56. Qh7+ Kc8 57. Qh8+ Kb7 58. Qh7+ Ka6 59.
Qb1 Bxh3 60. Qf1+ Ka7 61. Bf6 Bxg2 62. Qxg2 Qe1+ 63. Qf1 Qxf1+ 64. Kxf1 h3 65.
Bb2 Ka6 66. Ke1 0-1

[Event "17. Europa ch Juvenil - Masculino s18"]
[Site "Sibenik CRO"]
[Date "2007.09.21"]
[Round "8.8"]
[White "Szwed, Jacek"]
[Black "Figura, Atila Gajo"]
[Result "1-0"]
[WhiteElo "2364"]
[BlackElo "2413"]
[PlyCount "106"]
[EventDate "2007.09.14"]
[EventType "swiss"]
[EventRounds "9"]
[EventCountry "CRO"]
[Source "lmi"]
[SourceDate "2007.09.14"]

1. e4 c5 2. Nf3 e6 3. d4 cxd4 4. Nxd4 a6 5. c4 Bc5 6. Nc3 d6 7. Be3 Ne7 8. Be2
O-O 9. Qd2 e5 10. Nb3 Bxe3 11. Qxe3 Be6 12. O-O Nbc6 13. Rfd1 Ng6 14. g3 Qb8
15. Nd5 Bxd5 16. cxd5 Nce7 17. Qb6 Nc8 18. Qb4 b6 19. Rac1 Nce7 20. a4 Qd8 21.
Bd3 Nc8 22. a5 b5 23. Qd2 Nge7 24. Rc2 Ra7 25. Rdc1 Rb7 26. Rc3 g6 27. Qc2 Rb8
28. Rc7 f5 29. f3 fxe4 30. fxe4 Kh8 31. Rf1 Ng8 32. Rxf8 Qxf8 33. Bf1 Nce7 34.
Qf2 Qg7 35. Ra7 Rf8 36. Qe2 Nf6 37. Bg2 h5 38. Rxa6 Nc8 39. Rc6 Ng4 40. Bf3
Qa7+ 41. Kh1 Ne7 42. Rxd6 Qc7 43. Re6 Rxf3 44. d6 Qd7 45. Nc5 Qc6 46. dxe7 Qxc5
47. e8=Q+ Rf8 48. Qc6 Qb4 49. Re8 Rxe8 50. Qxe8+ Kh7 51. h3 Nf2+ 52. Qxf2 Qxe4+
53. Kh2 Qh1+ 1-0

[Event "17. Europa ch Juvenil - Masculino s18"]
[Site "Sibenik CRO"]
[Date "2007.09.21"]
[Round "8.10"]
[White "Brzeski, Maciej"]
[Black "Bindrich, Falko"]
[Result "1/2-1/2"]
[WhiteElo "2356"]
[BlackElo "2504"]
[PlyCount "152"]
[EventDate "2007.09.14"]
[EventType "swiss"]
[EventRounds "9"]
[EventCountry "CRO"]
[Source "lmi"]
[SourceDate "2007.09.14"]

1. e4 e5 2. Nf3 Nc6 3. Bb5 Nf6 4. O-O Nxe4 5. d4 Nd6 6. Bxc6 dxc6 7. dxe5 Nf5
8. Qxd8+ Kxd8 9. Nc3 Bd7 10. b3 h6 11. Bb2 Ne7 12. h3 Kc8 13. Rad1 c5 14. Rd2
b6 15. Rfd1 Be6 16. Nh2 Kb7 17. Nf1 a5 18. Ne3 Nf5 19. Nxf5 Bxf5 20. a4 g5 21.
Nd5 Bg7 22. Nf6 Bxf6 23. exf6 Rhe8 24. c4 Re4 25. Kf1 Rae8 26. Bc3 Kc6 27. Bb2
R4e6 28. Bc3 Rd6 29. Rxd6+ cxd6 30. Rd2 Be6 31. Re2 Rd8 32. Re3 d5 33. cxd5+
Bxd5 34. Bb2 h5 35. f3 g4 36. hxg4 hxg4 37. fxg4 Rh8 38. g5 Rh4 39. g6 fxg6 40.
Be5 Rb4 41. Rf3 Rxb3 42. Rxb3 Bxb3 43. Ke2 Bf7 44. Kd3 b5 45. axb5+ Kxb5 46.
Kc3 Be6 47. Bf4 Bf7 48. g3 Kc6 49. Bd2 Be8 50. Kb3 Kb5 51. Kc3 Bf7 52. Be3 Bg8
53. Bd2 a4 54. Bc1 Bf7 55. Ba3 Kc6 56. Bb2 Kd6 57. Bc1 Be6 58. Bb2 g5 59. Bc1
g4 60. Bb2 Kd5 61. Kd3 Bf7 62. Ba3 Be6 63. Kc3 Bg8 64. Kd3 Bf7 65. Kc3 Bg6 66.
Bb2 Bf7 67. Ba3 Bg8 68. Kd3 c4+ 69. Ke3 Bf7 70. Bb2 Bg6 71. Ba3 c3 72. f7 Bxf7
73. Kd3 c2 74. Kxc2 Ke4 75. Kb2 Kf3 76. Bd6 Be8 1/2-1/2

[Event "17. Europa ch Juvenil - Masculino s18"]
[Site "Sibenik CRO"]
[Date "2007.09.21"]
[Round "8.11"]
[White "Szabo, Krisztian"]
[Black "Delorme, Axel"]
[Result "1/2-1/2"]
[WhiteElo "2482"]
[BlackElo "2317"]
[PlyCount "59"]
[EventDate "2007.09.14"]
[EventType "swiss"]
[EventRounds "9"]
[EventCountry "CRO"]
[Source "lmi"]
[SourceDate "2007.09.14"]

1. e4 e5 2. Nf3 Nc6 3. Bb5 Nf6 4. Nc3 Bb4 5. O-O O-O 6. d3 d6 7. Bg5 Bxc3 8.
bxc3 Qe7 9. Re1 Nd8 10. d4 Ne6 11. Bc1 c5 12. a4 Rd8 13. d5 Nf8 14. Bf1 Ng6 15.
g3 h6 16. Bg2 Nh7 17. Nd2 f5 18. exf5 Bxf5 19. Ne4 Qd7 20. a5 Rf8 21. Be3 Nf6
22. Nxf6+ Rxf6 23. f3 Bh3 24. Rf1 Raf8 25. Qd3 R8f7 26. Rf2 Bxg2 27. Kxg2 Qf5
28. Qe4 Qxe4 29. fxe4 Rxf2+ 30. Bxf2 1/2-1/2

[Event "17. Europa ch Juvenil - Masculino s18"]
[Site "Sibenik CRO"]
[Date "2007.09.21"]
[Round "8.14"]
[White "Tereick, Benjamin"]
[Black "Raisanen, Kim"]
[Result "1-0"]
[WhiteElo "2404"]
[BlackElo "2062"]
[PlyCount "71"]
[EventDate "2007.09.14"]
[EventType "swiss"]
[EventRounds "9"]
[EventCountry "CRO"]
[Source "lmi"]
[SourceDate "2007.09.14"]

1. Nf3 Nf6 2. c4 e6 3. g3 b6 4. Bg2 Bb7 5. O-O c5 6. Nc3 Be7 7. d4 cxd4 8. Qxd4
d6 9. Bg5 h6 10. Bxf6 Bxf6 11. Qf4 g5 12. Qd2 a6 13. Rad1 Be7 14. Ne4 Bxe4 15.
Qd4 O-O 16. Qxe4 Ra7 17. Nd4 Bf6 18. b3 Qe7 19. e3 Rc7 20. f4 Rc5 21. f5 d5 22.
cxd5 exd5 23. Qxe7 Bxe7 24. f6 Bd8 25. b4 Rc4 26. Bxd5 Rxb4 27. Bb3 Bc7 28. a3
Rxb3 29. Nxb3 Re8 30. Nd4 Kh7 31. Nf5 Be5 32. Nd6 Rf8 33. Rf5 Bxd6 34. Rxd6 b5
35. Rc5 Kg6 36. Rc7 1-0

[Event "17. Europa ch Juvenil - Masculino s18"]
[Site "Sibenik CRO"]
[Date "2007.09.21"]
[Round "8.15"]
[White "Hrabusa, Matej"]
[Black "Krivoborodov, Egor"]
[Result "0-1"]
[WhiteElo "2277"]
[BlackElo "2403"]
[PlyCount "48"]
[EventDate "2007.09.14"]
[EventType "swiss"]
[EventRounds "9"]
[EventCountry "CRO"]
[Source "lmi"]
[SourceDate "2007.09.14"]

1. e4 c6 2. d4 d5 3. e5 Bf5 4. Nf3 e6 5. Be2 c5 6. Be3 cxd4 7. Nxd4 Ne7 8. Nc3
Nbc6 9. f4 Nxd4 10. Bxd4 Nc6 11. O-O Bxc2 12. Qxc2 Nxd4 13. Qa4+ Nc6 14. Kh1
Bc5 15. f5 O-O 16. Bg4 Nxe5 17. fxe6 d4 18. exf7+ Kh8 19. Rf5 Nxg4 20. Rxc5
Nf2+ 21. Kg1 dxc3 22. Kxf2 cxb2 23. Rd1 b1=Q 24. Rxb1 Qd2+ 0-1

[Event "17. Europa ch Juvenil - Masculino s18"]
[Site "Sibenik CRO"]
[Date "2007.09.21"]
[Round "8.16"]
[White "Hayrapetian, Ovik"]
[Black "Potapov, Pavel"]
[Result "1-0"]
[WhiteElo "2336"]
[BlackElo "2386"]
[PlyCount "117"]
[EventDate "2007.09.14"]
[EventType "swiss"]
[EventRounds "9"]
[EventCountry "CRO"]
[Source "lmi"]
[SourceDate "2007.09.14"]

1. d4 f5 2. c4 Nf6 3. Nc3 g6 4. Nf3 Bg7 5. g3 d6 6. Bg2 O-O 7. d5 a5 8. O-O Qe8
9. Nd4 Na6 10. b3 Bd7 11. Rb1 Rc8 12. Re1 Nc5 13. a3 c6 14. b4 axb4 15. axb4
Nce4 16. Nxe4 fxe4 17. Ne6 Bxe6 18. dxe6 d5 19. c5 Ra8 20. Bh3 Ra2 21. Bf4 Qa8
22. b5 Ra5 23. bxc6 bxc6 24. Qc2 Nh5 25. Be3 Ra2 26. Qb3 d4 27. Bg5 Bf6 28. Bh6
Ng7 29. Bg2 d3 30. Bxe4 dxe2 31. Bxc6 Qa5 32. Qc4 Bc3 33. Rxe2 Rxe2 34. Qxe2
Bd4 35. Bf3 Qxc5 36. Kg2 Rd8 37. Rb5 Qc8 38. Rd5 Rxd5 39. Bxd5 Nf5 40. Bf4 Bf6
41. h4 Kg7 42. h5 Qc5 43. Qe4 Qd4 44. Qxd4 Nxd4 45. h6+ Kf8 46. g4 Ne2 47. Be3
Bd4 48. Kf3 Bxe3 49. Kxe3 Nc3 50. Bc6 Kg8 51. f4 Na2 52. Kd2 Kf8 53. Bb7 Kg8
54. Kc2 Nb4+ 55. Kc3 Na2+ 56. Kc4 Kf8 57. Ba6 Nc1 58. Kc3 Na2+ 59. Kb3 1-0

[Event "17. Europa ch Juvenil - Masculino s18"]
[Site "Sibenik CRO"]
[Date "2007.09.21"]
[Round "8.17"]
[White "Golubenko, Valentina"]
[Black "Martemianov, Iaroslav"]
[Result "1-0"]
[WhiteElo "2316"]
[BlackElo "2333"]
[PlyCount "139"]
[EventDate "2007.09.14"]
[EventType "swiss"]
[EventRounds "9"]
[EventCountry "CRO"]
[Source "lmi"]
[SourceDate "2007.09.14"]

1. c4 f5 2. d4 Nf6 3. g3 e6 4. Bg2 c6 5. Nh3 Be7 6. O-O O-O 7. Qc2 d6 8. Nc3
Nbd7 9. e4 e5 10. Ng5 exd4 11. Ne6 Qe8 12. Nxf8 Bxf8 13. Ne2 c5 14. exf5 Ne5
15. Nf4 d3 16. Qb3 Bxf5 17. Nd5 Rb8 18. Bf4 Nc6 19. Rfe1 Qd7 20. Nxf6+ gxf6 21.
Be4 Nb4 22. Bxf5 Qxf5 23. Rad1 b5 24. cxb5+ Kh8 25. Qf7 Qg6 26. Qxa7 Re8 27.
Qd7 Re2 28. Qd8 Kg7 29. Bxd6 Bxd6 30. Qxd6 Qe4 31. Rf1 Nd5 32. Qxc5 Rc2 33. Qa3
d2 34. b6 Ne7 35. Qe3 Qb4 36. b7 Nc6 37. Qb3 Qxb3 38. axb3 Kf7 39. f3 Rxb2 40.
Rf2 Rxb3 41. Rfxd2 Ne5 42. Kg2 Kg6 43. f4 Nc4 44. Rd3 Rxb7 45. Rc1 Rb4 46. Kh3
Nb6 47. Rd6 Rb5 48. Kg2 Nd5 49. Rc8 Rb2+ 50. Kh3 Rb5 51. Rd7 h6 52. Rg8+ Kf5
53. Rh7 Rb3 54. Rg4 Ne3 55. Rh4 Rb2 56. Rh5+ Ke4 57. Re7+ Kf3 58. Rxe3+ Kxe3
59. Rxh6 f5 60. Re6+ Kf3 61. Re5 Rb8 62. Kh4 Rh8+ 63. Kg5 Rxh2 64. Rxf5 Rg2 65.
Ra5 Rxg3+ 66. Kf5 Kg2 67. Ke6 Re3+ 68. Re5 Rf3 69. f5 Kg3 70. f6 1-0

[Event "17. Europa ch Juvenil - Masculino s18"]
[Site "Sibenik CRO"]
[Date "2007.09.21"]
[Round "8.18"]
[White "Genzling, Alain"]
[Black "Brunello, Sabino"]
[Result "0-1"]
[WhiteElo "2255"]
[BlackElo "2475"]
[PlyCount "124"]
[EventDate "2007.09.14"]
[EventType "swiss"]
[EventRounds "9"]
[EventCountry "CRO"]
[Source "lmi"]
[SourceDate "2007.09.14"]

1. e4 e5 2. Nf3 Nc6 3. Bb5 a6 4. Bxc6 dxc6 5. O-O Qd6 6. Na3 b5 7. c3 c5 8. Nc2
Bb7 9. d4 cxd4 10. cxd4 exd4 11. Nfxd4 c5 12. Nb3 O-O-O 13. Qxd6 Bxd6 14. f3
Ne7 15. Be3 c4 16. Nbd4 Nc6 17. Nxc6 Bxc6 18. Bd4 f6 19. Rfd1 Kb7 20. a4 bxa4
21. Ne3 Bb4 22. Kf2 Rd7 23. Nc2 Ba5 24. Bc3 Rxd1 25. Rxd1 Bxc3 26. bxc3 Kb6 27.
Ke3 Kc5 28. Rb1 Bb5 29. Nd4 Re8 30. h4 g6 31. g4 h6 32. Kf4 Re7 33. h5 gxh5 34.
Rh1 hxg4 35. Kxg4 Re5 36. Rxh6 Rg5+ 37. Kf4 Rg1 38. Rh2 Rc1 39. Rc2 Ra1 40. Kf5
a3 41. Kxf6 Ba4 42. Re2 Rc1 43. Ne6+ Kc6 44. Ra2 Rxc3 45. f4 Kb5 46. Nc7+ Kc5
47. Nxa6+ Kd4 48. e5 Rf3 49. f5 c3 50. Rxa3 Bc2 51. e6 Bxf5 52. e7 Bd7+ 53. Kg7
c2 54. Ra1 Kc3 55. Nc5 Be8 56. Ra3+ Kc4 57. Rxf3 c1=Q 58. Ne6 Kd5 59. Rf6 Kd6
60. Kf8 Qc3 61. Nd4+ Kd7 62. Rf4 Qh3 0-1

[Event "17. Europa ch Juvenil - Masculino s18"]
[Site "Sibenik CRO"]
[Date "2007.09.21"]
[Round "8.19"]
[White "Szekeres, Robert"]
[Black "Baryshpolets, Andrey"]
[Result "1/2-1/2"]
[WhiteElo "2209"]
[BlackElo "2307"]
[PlyCount "81"]
[EventDate "2007.09.14"]
[EventType "swiss"]
[EventRounds "9"]
[EventCountry "CRO"]
[Source "lmi"]
[SourceDate "2007.09.14"]

1. d4 Nf6 2. c4 g6 3. Nf3 Bg7 4. g3 O-O 5. Bg2 d6 6. O-O Nbd7 7. Nc3 e5 8. e4
c6 9. h3 Re8 10. Be3 exd4 11. Nxd4 a5 12. Qc2 Nc5 13. Rad1 Nfd7 14. Rfe1 a4 15.
f4 Qa5 16. b3 Qb4 17. Rb1 axb3 18. axb3 f5 19. Bf2 fxe4 20. Nxe4 Nxe4 21. Rxe4
Rxe4 22. Qxe4 Nf8 23. g4 Ra2 24. Nf3 d5 25. Qd3 Ne6 26. Bg3 Nc5 27. Qe3 Ne4 28.
Bh4 Be6 29. Ng5 Nxg5 30. Bxg5 Bf7 31. f5 dxc4 32. Be7 Bd4 33. Qxd4 Qxe7 34. f6
Qe2 35. Qd8+ Be8 36. f7+ Kxf7 37. Rf1+ Kg8 38. Bd5+ cxd5 39. Qxd5+ Kg7 40. Qd4+
Kg8 41. Qd5+ 1/2-1/2

[Event "17. Europa ch Juvenil - Masculino s18"]
[Site "Sibenik CRO"]
[Date "2007.09.21"]
[Round "8.21"]
[White "Valner, Uku"]
[Black "Guramishvili, Sopiko"]
[Result "1-0"]
[WhiteElo "2102"]
[BlackElo "2273"]
[PlyCount "81"]
[EventDate "2007.09.14"]
[EventType "swiss"]
[EventRounds "9"]
[EventCountry "CRO"]
[Source "lmi"]
[SourceDate "2007.09.14"]

1. e4 c5 2. Nc3 a6 3. g3 b5 4. Bg2 Bb7 5. f4 e6 6. d3 Nf6 7. Qe2 d5 8. exd5
Nxd5 9. Bd2 Nxc3 10. Bxc3 Bxg2 11. Qxg2 Qd5 12. Qxd5 exd5 13. Nf3 f6 14. Kf2
Kf7 15. Rhe1 Nc6 16. f5 Bd6 17. a4 Ne7 18. g4 h5 19. h3 Bf4 20. b4 hxg4 21.
hxg4 cxb4 22. Bxb4 Nc6 23. Bc3 b4 24. Bb2 Rac8 25. Re2 Rc7 26. Rb1 Rhc8 27. Bd4
Bd6 28. Bb6 Rb7 29. Re6 Bb8 30. a5 Ba7 31. g5 Bxb6+ 32. axb6 Ne7 33. g6+ Nxg6
34. Nd4 Ne7 35. Rbe1 Rh8 36. Rd6 Rhb8 37. Ne6 Rxb6 38. Rd7 Re8 39. Nf4 Rc6 40.
Ng6 Rxc2+ 41. Kf3 1-0

[Event "17. Europa ch Juvenil - Masculino s18"]
[Site "Sibenik CRO"]
[Date "2007.09.21"]
[Round "8.22"]
[White "Novosel, Tomislav"]
[Black "Gaehler, Marco"]
[Result "0-1"]
[WhiteElo "2072"]
[BlackElo "2272"]
[PlyCount "152"]
[EventDate "2007.09.14"]
[EventType "swiss"]
[EventRounds "9"]
[EventCountry "CRO"]
[Source "lmi"]
[SourceDate "2007.09.14"]

1. d4 Nf6 2. Nf3 g6 3. Bg5 Bg7 4. e3 d6 5. Be2 c5 6. c3 O-O 7. O-O Bf5 8. Nbd2
cxd4 9. exd4 h6 10. Bh4 Qc7 11. Re1 e5 12. Nc4 Nc6 13. Ne3 Ne7 14. Qa4 Be6 15.
Rad1 a6 16. Qa3 Nfd5 17. dxe5 dxe5 18. Nxd5 Nxd5 19. Bf1 Rfe8 20. Bg3 Nf4 21.
Bxf4 exf4 22. Nd4 Bg4 23. Be2 h5 24. h3 Bxe2 25. Rxe2 Rxe2 26. Nxe2 f3 27. Ng3
h4 28. Nf1 fxg2 29. Ne3 Qf4 30. Nxg2 Qf3 31. Qa4 Qe2 32. Re1 Qxb2 33. Qxh4 Qxc3
34. Re2 Qc1+ 35. Re1 Qc6 36. Qe7 Bf6 37. Qe2 Rd8 38. h4 Rd5 39. Qg4 Qd7 40. Qf3
Qf5 41. Qg3 Be5 42. Qb3 Rd2 43. Qe3 Rd5 44. Qh6 Qh3 45. Nf4 Qg4+ 46. Ng2 Rd1
47. Qe3 Rxe1+ 48. Qxe1 Qd4 49. Kf1 Kg7 50. Ne3 Bf6 51. h5 Qd3+ 52. Kg2 gxh5 53.
Kf3 Qg6 54. Qb4 b5 55. a4 Qg5 56. axb5 axb5 57. Qb1 Qe5 58. Qb4 Bg5 59. Nf1
Qf5+ 60. Kg3 Kg6 61. Qf8 Qg4+ 62. Kh2 Bf4+ 63. Kh1 Be5 64. Qg8+ Bg7 65. Qb8
Qh4+ 66. Kg1 Qg5+ 67. Kh1 Qf5 68. Kg1 Bd4 69. Qg8+ Kh6 70. Qf8+ Kh7 71. Ne3
Bxe3 72. fxe3 h4 73. e4 Qg4+ 74. Kh2 Qf4+ 75. Kh1 h3 76. Kg1 Qf3 0-1

[Event "17. Europa ch Juvenil - Masculino s18"]
[Site "Sibenik CRO"]
[Date "2007.09.21"]
[Round "8.23"]
[White "Bitalzadeh, Ali"]
[Black "Ertan, Can"]
[Result "0-1"]
[WhiteElo "2389"]
[BlackElo "1965"]
[PlyCount "94"]
[EventDate "2007.09.14"]
[EventType "swiss"]
[EventRounds "9"]
[EventCountry "CRO"]
[Source "lmi"]
[SourceDate "2007.09.14"]

1. e4 e5 2. Nf3 Nc6 3. Bb5 a6 4. Ba4 Nf6 5. O-O Be7 6. Re1 b5 7. Bb3 O-O 8. h3
Bb7 9. d4 exd4 10. e5 Ne8 11. Bd5 Rb8 12. Bxc6 Bxc6 13. Nxd4 Bb7 14. Qg4 d6 15.
e6 Bf6 16. Bh6 fxe6 17. Nxe6 Bc8 18. Nc3 Bxc3 19. bxc3 Qf6 20. Bg5 Qxf2+ 21.
Kh1 Nf6 22. Bxf6 Qxf6 23. Re3 Bd7 24. Qe2 Bxe6 25. Rxe6 Qxc3 26. Re1 Qc4 27.
Qe3 Rf1+ 28. Rxf1 Qxf1+ 29. Kh2 Rf8 30. Re7 Qf4+ 31. Qxf4 Rxf4 32. Rxc7 Rc4 33.
Ra7 Ra4 34. Rd7 b4 35. Rxd6 Rxa2 36. Rd8+ Kf7 37. Ra8 a5 38. Ra6 a4 39. h4 a3
40. Ra4 Rb2 41. c3 bxc3 42. Rxa3 c2 43. Rc3 Ke6 44. Rc7 Kd5 45. Kg3 Kd4 46. Kf4
Kd3 47. Ke5 Rb4 0-1

[Event "17. Europa ch Juvenil - Masculino s18"]
[Site "Sibenik CRO"]
[Date "2007.09.21"]
[Round "8.24"]
[White "Huerga Leache, Mikel"]
[Black "Froewis, Georg"]
[Result "1-0"]
[WhiteElo "2370"]
[BlackElo "2208"]
[PlyCount "73"]
[EventDate "2007.09.14"]
[EventType "swiss"]
[EventRounds "9"]
[EventCountry "CRO"]
[Source "lmi"]
[SourceDate "2007.09.14"]

1. e4 e6 2. d4 d5 3. Nc3 Bb4 4. e5 c5 5. Bd2 Ne7 6. f4 Nbc6 7. dxc5 Bxc5 8. Nf3
a6 9. Bd3 b5 10. Qe2 Bd7 11. Be3 Qb6 12. Bxc5 Qxc5 13. Qf2 Qxf2+ 14. Kxf2 f6
15. Rhe1 fxe5 16. Nxe5 Nxe5 17. Rxe5 O-O 18. Kg3 Rf6 19. Ne2 Nc6 20. Re3 Be8
21. a3 Bh5 22. Ng1 Bg6 23. Nf3 Bxd3 24. cxd3 Ne7 25. Kf2 Ng6 26. g3 Rc8 27.
Rae1 Nf8 28. Kg2 h6 29. R3e2 Kf7 30. Nd4 g6 31. a4 b4 32. Rc2 Rxc2+ 33. Nxc2 a5
34. Ne3 Nd7 35. Ng4 Nc5 36. Rc1 h5 37. Ne5+ 1-0

[Event "17. Europa ch Juvenil - Masculino s18"]
[Site "Sibenik CRO"]
[Date "2007.09.23"]
[Round "9.2"]
[White "Can, Emre"]
[Black "Kravtsiv, Martyn"]
[Result "1/2-1/2"]
[WhiteElo "2411"]
[BlackElo "2492"]
[PlyCount "138"]
[EventDate "2007.09.14"]
[EventType "swiss"]
[EventRounds "9"]
[EventCountry "CRO"]
[Source "lmi"]
[SourceDate "2007.09.14"]

1. e4 e6 2. d4 d5 3. Nd2 Nf6 4. e5 Nfd7 5. Bd3 c5 6. c3 Nc6 7. Ne2 cxd4 8. cxd4
f6 9. exf6 Nxf6 10. Nf3 Bd6 11. O-O Qc7 12. Bg5 O-O 13. Ng3 Bd7 14. Rc1 Rae8
15. a3 a6 16. Bd2 Qb8 17. Bc3 Bf4 18. Rc2 Ng4 19. Re2 e5 20. dxe5 Ngxe5 21.
Nxe5 Bxe5 22. Qb3 Be6 23. Qc2 h6 24. Bxe5 Nxe5 25. Qc3 Bg4 26. Re3 Qd6 27. Qd4
Nxd3 28. Qxd3 Rxe3 29. fxe3 Rxf1+ 30. Nxf1 Qc6 31. h3 Bh5 32. Qd4 Bg6 33. Nd2
Kh7 34. Kf2 Qe6 35. b4 Be4 36. Nf1 Qf5+ 37. Kg1 Qg5 38. Qd2 Qf6 39. a4 Qa1 40.
a5 Qe5 41. Qf2 Qa1 42. Qd2 Qe5 43. Qf2 Qa1 44. Qd2 Qe5 45. Qf2 Kg8 46. Ng3 Qc3
47. Nh5 Qxb4 48. Qg3 Qe7 49. h4 Kh7 50. Qf4 Bg6 51. Ng3 Qc5 52. h5 Bb1 53. Qe5
Qc4 54. Kh2 Qg4 55. Qc7 Bd3 56. Qe5 Qg5 57. Qd4 Bc2 58. Kh3 Bb1 59. Kh2 Kh8 60.
Qb4 Bc2 61. Qxb7 Bd3 62. Qb8+ Kh7 63. Qf4 Qe7 64. Nf5 Qd8 65. Nd6 Qxa5 66. Qd4
Qa3 67. Ne8 Qe7 68. Qxd3+ Kh8 69. Qg6 Qh4+ 1/2-1/2

[Event "17. Europa ch Juvenil - Masculino s18"]
[Site "Sibenik CRO"]
[Date "2007.09.23"]
[Round "9.4"]
[White "Rakhmanov, Aleksandr"]
[Black "Szwed, Jacek"]
[Result "1-0"]
[WhiteElo "2489"]
[BlackElo "2364"]
[PlyCount "111"]
[EventDate "2007.09.14"]
[EventType "swiss"]
[EventRounds "9"]
[EventCountry "CRO"]
[Source "lmi"]
[SourceDate "2007.09.14"]

1. Nf3 c5 2. c4 g6 3. d4 Bg7 4. e4 Qb6 5. dxc5 Qxc5 6. Be2 d6 7. O-O Bg4 8.
Nbd2 Nf6 9. Nb3 Qc7 10. Nfd4 Bxe2 11. Qxe2 a6 12. f3 O-O 13. Be3 Nbd7 14. a4
Rac8 15. Nd2 a5 16. Nb5 Qb8 17. Rad1 b6 18. Nb1 Nc5 19. N1c3 Qb7 20. Qc2 Nfd7
21. Nd5 Ne5 22. b3 Nc6 23. Kh1 Rfe8 24. f4 Na7 25. Nxa7 Qxa7 26. Bxc5 bxc5 27.
Nc3 Qb7 28. Nb5 Rcd8 29. Rf3 Rf8 30. f5 Be5 31. Rdf1 f6 32. Qd3 g5 33. Rh3 Rf7
34. g4 Rg7 35. Kg2 Kf7 36. Rh6 Ke8 37. Rf3 Kd7 38. Qd5 Qxd5 39. cxd5 c4 40.
bxc4 Rc8 41. Ra3 Rxc4 42. Kf3 Rb4 43. Na7 Bb2 44. Ra2 Rb3+ 45. Kg2 Bd4 46. Nc6
Bb6 47. Rh3 Rb1 48. Rc2 Rg1+ 49. Kf3 Ra1 50. Nb8+ Kd8 51. Rc6 Ba7 52. Na6 Rxa4
53. Nc7 Ra3+ 54. Ke2 Rxh3 55. Ne6+ Ke8 56. Rc8+ 1-0

[Event "17. Europa ch Juvenil - Masculino s18"]
[Site "Sibenik CRO"]
[Date "2007.09.23"]
[Round "9.5"]
[White "Rombaldoni, Denis"]
[Black "Vila Gazquez, Xavier"]
[Result "1-0"]
[WhiteElo "2383"]
[BlackElo "2429"]
[PlyCount "155"]
[EventDate "2007.09.14"]
[EventType "swiss"]
[EventRounds "9"]
[EventCountry "CRO"]
[Source "lmi"]
[SourceDate "2007.09.14"]

1. d4 Nf6 2. c4 e6 3. Nf3 Bb4+ 4. Bd2 a5 5. g3 d6 6. Bg2 Nbd7 7. O-O e5 8. Bxb4
axb4 9. e3 O-O 10. Nbd2 Qe7 11. a3 bxa3 12. b4 exd4 13. exd4 d5 14. c5 Ne4 15.
Qb3 Nxd2 16. Nxd2 Qe2 17. Nb1 Nf6 18. Nc3 Qg4 19. Rfd1 c6 20. Rxa3 Rxa3 21.
Qxa3 Re8 22. Qc1 h6 23. Qd2 Bf5 24. f3 Qg5 25. Kf2 Ra8 26. Qb2 Re8 27. Qd2 Qh5
28. Ra1 Bh3 29. Ra7 Bc8 30. Qf4 Qxh2 31. Qh4 Qxh4 32. gxh4 Nh5 33. b5 Nf4 34.
b6 g5 35. hxg5 hxg5 36. Bf1 Kf8 37. Nd1 Kg7 38. Ne3 Kf8 39. Nc2 Bf5 40. Nb4 Bc8
41. Nc2 Kg7 42. Ra8 Rh8 43. Ke3 Re8+ 44. Kd2 Rf8 45. Nb4 f5 46. Ra7 Kf6 47. Be2
g4 48. fxg4 Nxe2 49. g5+ Kxg5 50. Kxe2 f4 51. Kf2 Rf6 52. Ra8 Bf5 53. Rg8+ Kh6
54. Rh8+ Kg7 55. Rb8 Rf7 56. Na2 Kg6 57. Nc1 Be4 58. Rg8+ Kf5 59. Ne2 Bd3 60.
Nc3 Bc2 61. Rc8 Rh7 62. Rf8+ Kg5 63. Rg8+ Bg6 64. Kg2 Kf6 65. Rf8+ Rf7 66.
Nxd5+ Kg7 67. Rxf7+ Bxf7 68. Nxf4 Kf6 69. Kf3 Kf5 70. Ke3 Be8 71. Ne2 Ke6 72.
Nf4+ Kd7 73. Ke4 Bf7 74. Ke5 Bc4 75. Kf6 Kd8 76. Ng6 Bd5 77. Ne7 Bc4 78. Nf5
1-0